000 00248nam a2200097Ia 4500
001 1300132
005 20260420095858.0
008 260420s9999 xx 000 0 und d
245 0 _aPANDA PANDİ
_cMÜJGAN ŞEYHİ
260 _bTİMAŞ ÇOCUK YAYINLARI
999 _c1300132
_d1300132